00812cam a2200229u 450000100060000000300080000600500170001400800390003103500190007004000330008904100080012208200220013010000470015224500640019926000530026330000370031650400200035360000430037394200120041699900170042895201370044524355BD-RjUL20211209001035.0140313s1965 enkac 001 0beng a(BD-RjUL)24421 aDLCcCarPdDLCdBD-RjULbeng aeng00a923.242bCAW 19651 a Carter, Violet Bonham,d1887-1969.97498410aWinston Churchill as I knew him /cBy Violet Bonham Carter. aLondon,bEyre & Spottiswoode and Collins,c1965. a495 p. :billus., ports.c24 cm. aIncludes index.10aChurchill, Winston,d1874-1965.951096 2ddccBK c24355d24355 00102ddc40728NFICaRUCLbRUCLcReadingd1991-07-16eShamsun Naharl0o923.242 CAW 1965r2014-03-13 00:00:00tC-1w2014-03-13yBK